书目信息

书名: 奋斗的青春最美丽 
作者: 刘明明 胡守敏
出版信息: 沈阳   辽宁人民出版社  2021.1
开本页数: 24cm  201页
丛书名:
单 册:
中图分类: G64
科图分类:
主题词: 大学生--da xue sheng--德育--研究--中国
电子资源:
ISBN: 978-7-205-10048-3
000 01465nam0 2200277 450
001 012021000078
005 20210414165817.0
010    @a978-7-205-10048-3@dCNY48.00
100    @a20210331d2021 em y0chiy50 ea
101 @achi
102    @aCN@b210000
105    @ak a 000yy
106    @ar
200 @a奋斗的青春最美丽@Afen dou de qing chun zui mei li@e做新时代德智体美劳全面发展的大学生@f刘明明, 胡守敏著
210    @a沈阳@c辽宁人民出版社@d2021.1
215    @a201页@d24cm
300    @a本书由重庆文理学院学术专著出版资助 重庆市高等教育教学改革研究项目“群团改革背景下高校共青团工作评价体系的构建与实践”(课题编号: 173137)
320    @a有书目 (第200-201页)
330    @a本书是重庆市高等教育教学改革研究项目“群团改革背景下高校共青团工作评价体系的构建与实践”的研究成果。青春是用来奋斗的, 做新时代德智体美劳的大学生是习近平总书记对广大青年学子提出的要求。本书稿共分为十章, 前半部分概括讲述了共青团的团史、团章、改革进程等内容, 后半部分通过对德智体美劳的意义、内容、实践、案例等分析, 深刻阐释其意义和内涵, 为广大青年学子树立正确的人生观、价值观、世界观起到积极的引导作用, 适合大学生学习使用。
517 @a做新时代德智体美劳全面发展的大学生@Azuo xin shi dai de zhi ti mei lao quan mian fa zhan de da xue sheng
606 @a大学生@Ada xue sheng@x德育@x研究@y中国
690    @aG64@v5
701  0 @a刘明明@Aliu ming ming@4著
701  0 @a胡守敏@Ahu shou min@4著
801  0 @aCN@bCDNYKJZYXY@c20210331
905    @aCDNYKJZYXY@b300622282-4@dG64@e498@f3
    
    奋斗的青春最美丽:做新时代德智体美劳全面发展的大学生/刘明明, 胡守敏著.-沈阳:辽宁人民出版社,2021.1
    201页;24cm
    本书由重庆文理学院学术专著出版资助 重庆市高等教育教学改革研究项目“群团改革背景下高校共青团工作评价体系的构建与实践”(课题编号: 173137)
    
    ISBN 978-7-205-10048-3:CNY48.00
    本书是重庆市高等教育教学改革研究项目“群团改革背景下高校共青团工作评价体系的构建与实践”的研究成果。青春是用来奋斗的, 做新时代德智体美劳的大学生是习近平总书记对广大青年学子提出的要求。本书稿共分为十章, 前半部分概括讲述了共青团的团史、团章、改革进程等内容, 后半部分通过对德智体美劳的意义、内容、实践、案例等分析, 深刻阐释其意义和内涵, 为广大青年学子树立正确的人生观、价值观、世界观起到积极的引导作用, 适合大学生学习使用。
相关链接 在五车中查询图书 在当当中查询图书 在豆瓣中查询图书


正题名:奋斗的青春最美丽     索取号:G64/498         预约/预借

序号 登录号 条形码 馆藏地/架位号 状态 备注
1 622282   300622282   柳城-3楼/11架11列5层/ [索取号:G64/498] 在馆    
2 622283   300622283   柳城-3楼/11架11列5层/ [索取号:G64/498] 在馆    
3 622284   300622284   柳城-3楼/11架11列5层/ [索取号:G64/498] 在馆